Introduction to parallel processing / (Record no. 61919)

MARC details
000 -LEADER
fixed length control field 00736nam a22001937a 4500
005 - DATE AND TIME OF LATEST TRANSACTION
control field 20120203150229.0
008 - FIXED-LENGTH DATA ELEMENTS--GENERAL INFORMATION
fixed length control field 120203t xxu||||| |||| 00| 0 eng d
020 ## - INTERNATIONAL STANDARD BOOK NUMBER
International Standard Book Number 8120316193
Terms of availability 150.00
035 ## - SYSTEM CONTROL NUMBER
System control number A-999484
040 ## - CATALOGING SOURCE
Original cataloging agency DPL
Language of cataloging ENG
100 ## - MAIN ENTRY--PERSONAL NAME
Personal name Sasikumar, M
9 (RLIN) 40730
245 ## - TITLE STATEMENT
Title Introduction to parallel processing /
Statement of responsibility, etc by M. Sasikumar, Dinesh Shikhare and P. Ravi Prakash
260 ## - PUBLICATION, DISTRIBUTION, ETC. (IMPRINT)
Place of publication, distribution, etc New Delhi
Name of publisher, distributor, etc Prentice-Hall of India
Date of publication, distribution, etc 2000
300 ## - PHYSICAL DESCRIPTION
Extent vii, 266p.
Dimensions 18 cms.
700 ## - ADDED ENTRY--PERSONAL NAME
Personal name Shikhare, Dinesh
9 (RLIN) 40731
700 ## - ADDED ENTRY--PERSONAL NAME
Personal name Prakash, P. Ravi
9 (RLIN) 40732
942 ## - ADDED ENTRY ELEMENTS (KOHA)
Source of classification or shelving scheme Dewey Decimal Classification
Item type English Books
Classification part 004.35
Call number suffix SAS
Holdings
Withdrawn status Lost status Source of classification or shelving scheme Damaged status Not for loan Collection code Home library Current library Shelving location Date acquired Cost, normal purchase price Total Checkouts Full call number Barcode Date last seen Cost, replacement price Koha item type
    Dewey Decimal Classification     Non-fiction Sarojini Nagar Sarojini Nagar General Stacks 03/02/2012 150.00   004.35 SAS A-999484 03/02/2012 150.00 English Books

© Delhi Public Library
Hit Counter
free hit counter